All countries to border Austria - Statistics

General Stats
  • This quiz has been taken 16 times
  • The average score is 17 of 27
Answer Stats
Years Bordering Country % Correct
1871-1938, 1949- Germany
100%
1861-1938, 1945- Italy
100%
1993- Czechia
93%
1866 France
93%
1918-1938, 1945- Hungary
93%
1993- Slovakia
93%
1991- Slovenia
93%
1815-1938, 1945- Switzerland
93%
1815-1938, 1945- Liechtenstein
86%
1878-1918 Romania
86%
1815-1918 Russia
86%
1918-1938, 1945-1993 Czechoslovakia
79%
1878-1918 Serbia
79%
1815-1913 Ottoman Empire
71%
1918-1938, 1945-1991 Yugoslavia
64%
1815-1871 Bavaria
57%
1815-1866 Prussia
57%
1815-1918 Montenegro
43%
1815-1859 Papal States
43%
1815-1866 Saxony
43%
1815-1859 Modena
29%
1866-1871 North German Confederation
29%
1815-1859 Parma
29%
1815-1861 Sardinia
29%
1901-1917 China
21%
1815-1846 Free City of Cracow
21%
1859-1860 United Provinces of Central Italy
21%
No matching quizzes found
Score Distribution
Percent of People with Each Score
Percentile by Number Answered
Your Score History
You have not taken this quiz